[Event "11th European Senior Team"]
[Site "Velden AUT"]
[Date "2009.04.13"]
[Round "9"]
[White "Opl,K"]
[Black "Villing,D"]
[Result "1/2-1/2"]
[WhiteElo "2359"]
[BlackElo "2179"]

1.e4 d6 2.d4 Nf6 3.Nc3 c6 4.f4 Qa5 5.Bd3 e5 6.Nf3 Bg4 7.Be3 Nbd7 8.O-O Be7
9.Qe1 Bxf3 10.Rxf3 O-O 11.Kh1 Rfe8 12.Rh3 Rad8 13.b4 Qxb4 14.Rb1 Qa5 15.Rxb7 Rb8
16.Rb3 Rxb3 17.axb3 Qb4 18.dxe5 dxe5 19.Bd2 Qb8 20.f5 Bb4 21.Na4 a5 22.c3 Be7
23.Bc4 Nc5 24.Nxc5 Bxc5 25.Rf3 Qa7 26.h3 Rd8 27.Bg5 Rd6 28.Bxf6 gxf6 29.Rd3 Rxd3
30.Bxd3 Bf2 31.Qe2 Qe3 32.Qxe3 Bxe3 33.Ba6 Bd2 34.Bb7 Bxc3 35.Bxc6 Be1 36.Kg1 Bg3
37.Kf1 h5 38.Ke2  1/2-1/2

[Event "Sydney International Open"]
[Site "Parramatta AUS"]
[Date "2009.04.15"]
[Round "2"]
[White "Deepan,C"]
[Black "Wright,N"]
[Result "1-0"]
[WhiteElo "2482"]
[BlackElo "2208"]

1.e4 d6 2.d4 Nf6 3.Nc3 Nbd7 4.Nf3 e5 5.Bc4 Be7 6.O-O c6 7.a4 Qc7 8.Re1 h6
9.a5 Nf8 10.h3 g5 11.Nh2 Ng6 12.Bf1 Bd7 13.b4 O-O 14.Rb1 Rfe8 15.Be3 Bf8
16.Ng4 Bxg4 17.hxg4 exd4 18.Bxd4 Ne5 19.f3 Re6 20.Bf2 h5 21.gxh5 Nxh5 22.Ne2 Rg6
23.Ng3 Nf4 24.Nf5 f6 25.Bd4 Rd8 26.g3 Qh7 27.Bxe5 fxe5 28.gxf4 gxf4+ 29.Bg2 Qh3
30.Re2 Rd7 31.Kf1 Qh2 32.c4 Rh7 33.Rf2 Rh5 34.c5 Rhg5 35.Ke2 Rxg2 36.Rxg2 Rxg2+
37.Kd3 d5 38.b5 dxe4+ 39.Kxe4 Re2+ 40.Kd3 Bxc5 41.Qxe2  1-0

[Event "4th Open"]
[Site "Angers FRA"]
[Date "2009.04.17"]
[Round "2"]
[White "Moustafa,Ab"]
[Black "Grego,P"]
[Result "0-1"]
[WhiteElo "1673"]
[BlackElo "1893"]

1.e4 d6 2.d4 Nf6 3.Nc3 Nbd7 4.Bg5 e5 5.dxe5 dxe5 6.Nf3 c6 7.g3 h6 8.Bxf6 Qxf6
9.Bh3 Bb4 10.Bxd7+ Bxd7 11.Qd3 Bg4 12.Nd2 O-O 13.f3 Be6 14.a3 Rfd8 15.Qe3 Ba5
16.O-O-O Bb6 17.Qe2 Bd4 18.Ndb1 Qg5+ 19.Nd2 b5 20.Rhf1 Bc4 21.f4 Bxe2 22.fxg5 Bxf1
23.Rxf1 hxg5 24.Ne2 Be3 25.Rd1 Rxd2  0-1

[Event "TCh-HUN 2008-9"]
[Site "Budapest HUN"]
[Date "2009.04.18"]
[Round "11"]
[White "Almasi,I"]
[Black "Horvath,Jo1"]
[Result "1-0"]
[WhiteElo "2399"]
[BlackElo "2542"]

1.d4 d6 2.e4 Nf6 3.Nc3 e5 4.dxe5 dxe5 5.Qxd8+ Kxd8 6.Bc4 Ke8 7.Nge2 c6 8.Bg5 Nbd7
9.f3 Be7 10.O-O Nb6 11.Bb3 Nfd7 12.Bxe7 Kxe7 13.f4 f6 14.Rf2 Rf8 15.Raf1 g6
16.g4 a5 17.a3 a4 18.Ba2 Ra5 19.f5 Nc5 20.fxg6 hxg6 21.g5 f5 22.exf5 Rxf5
23.Ng3 Rxf2 24.Rxf2 Be6 25.Rf6 Bxa2 26.Nxa2 Nd5 27.Rxg6 Rb5 28.Nb4 Nxb4 29.Nf5+ Kd7
30.Rd6+ Ke8 31.c4 Rb6 32.g6 Nbd3 33.g7  1-0

[Event "11th Open St-Quentin en Yvelines"]
[Site "Elancourt FRA"]
[Date "2009.04.18"]
[Round "1"]
[White "Marquet,D"]
[Black "Laurent,D"]
[Result "0-1"]
[WhiteElo "1485"]
[BlackElo "2012"]

1.e4 d6 2.d4 Nf6 3.Nc3 Nbd7 4.Nf3 e5 5.dxe5 dxe5 6.Bc4 Bb4 7.Ng5 O-O 8.Bd2 c6
9.O-O Qe7 10.a3 Bc5 11.Re1 b5 12.Be2 Nb6 13.b4 Bd4 14.Rb1 Rd8 15.Qc1 Bg4
16.h3 Bh5 17.Bxh5 Nxh5 18.Ne2 Nc4 19.Nxd4 Rxd4 20.Nf3 Rd6 21.Bg5 f6 22.Be3 Qf7
23.g4 Nxe3 24.Qxe3 Nf4 25.Kh2 Rad8 26.Qb3 Ne6 27.c3 Rd3 28.Re3 h5 29.Rxd3 Rxd3
30.Ne1 Rd2 31.Kg3 Qd7 32.Nf3 Rd3 33.Kg2 Kh8 34.Nh4 Nf4+ 35.Kf1 Rxh3 36.Ng6+ Nxg6
37.Rd1 Nf4 38.Kg1 Qxg4+  0-1

[Event "11th Open St-Quentin en Yvelines"]
[Site "Elancourt FRA"]
[Date "2009.04.18"]
[Round "1"]
[White "Collette,G"]
[Black "Borowski,Jac"]
[Result "1-0"]
[WhiteElo "1914"]
[BlackElo "1443"]

1.e4 d6 2.Nc3 Nf6 3.d4 c6 4.Bg5 Qa5 5.Qd2 b5 6.Bd3 b4 7.Nce2 Ba6 8.Bxf6 exf6
9.Bxa6 Nxa6 10.Nf3 d5 11.exd5 Qxd5 12.O-O Be7 13.Rfe1 O-O 14.Nf4 Qd7 15.Qe2 Bd6
16.Qxa6 Bxf4 17.Re4 Bd6 18.Qd3 Rfe8 19.Rae1 f5 20.Rxe8+ Rxe8 21.Rxe8+ Qxe8
22.Qxf5 Qe6 23.Qxe6 fxe6 24.Kf1 h6 25.h4 g6 26.Ne5 Bxe5 27.dxe5 Kf7 28.Ke2 Ke7
29.Kd3 Kd7 30.g4 Kc7 31.f4 a5 32.h5 gxh5 33.gxh5 c5 34.Ke4 a4 35.b3 a3 36.f5 Kd7
37.f6 Ke8 38.Kd3  1-0

[Event "11th Open St-Quentin en Yvelines"]
[Site "Elancourt FRA"]
[Date "2009.04.19"]
[Round "3"]
[White "Guillet,Ja"]
[Black "Borowski,Jac"]
[Result "0-1"]
[WhiteElo "1573"]
[BlackElo "1443"]

1.e4 d6 2.d4 Nf6 3.Nc3 c6 4.f4 Qa5 5.Nf3 Nxe4 6.Bd2 Nxd2 7.Qxd2 Bf5 8.Be2 e6
9.O-O d5 10.a3 Bd6 11.Rae1 Qc7 12.Na4 O-O 13.Bd3 g6 14.Qf2 Na6 15.Qg3 Rae8
16.Nd2 Qd7 17.Rf3 Kh8 18.Qh4 Qe7 19.Qh6 Rg8 20.Rh3 f6 21.Rf1 Qg7 22.Qh4 h5
23.Rff3 Qf7  0-1

[Event "11th Open St-Quentin en Yvelines"]
[Site "Elancourt FRA"]
[Date "2009.04.21"]
[Round "5"]
[White "Baches,F"]
[Black "Grandjean,A"]
[Result "1-0"]
[WhiteElo "1855"]
[BlackElo "1659"]

1.e4 c6 2.d4 d6 3.Nc3 Nf6 4.Be2 g6 5.Be3 Qa5 6.f3 Bg7 7.Qd2 O-O 8.h4 Nh5
9.Kf2 f5 10.exf5 Qxf5 11.Bd3 Qf7 12.Nge2 e5 13.Ne4 d5 14.Nd6 Qd7 15.dxe5 Bxe5
16.Nxc8 Qxc8 17.c3 Qg4 18.Rag1 Bg3+ 19.Nxg3 Nxg3 20.Ke1 Qe6 21.Rh3 Rxf3 22.gxf3 Qxh3
23.Qc2 Kf7 24.Qf2 Nh5 25.Rg4 Nf6 26.Bf1 Nxg4 27.fxg4+  1-0

[Event "Algimantas Cesnauskas Mem"]
[Site "Panevezys LAT"]
[Date "2009.04.24"]
[Round "7"]
[White "Starostits,I"]
[Black "Labeckas,K"]
[Result "1-0"]
[WhiteElo "2464"]
[BlackElo "2337"]

1.e4 d6 2.d4 Nf6 3.Nc3 e5 4.Nf3 Nbd7 5.Bc4 Be7 6.O-O O-O 7.Re1 c6 8.a4 exd4
9.Nxd4 Ne5 10.Ba2 Ng6 11.h3 Re8 12.a5 Qc7 13.Qd3 Bf8 14.Bg5 Be6 15.Bxf6 gxf6
16.Qf3 Bg7 17.Qg3 Kh8 18.h4 Bh6 19.Qf3 Qe7 20.a6 Ne5 21.Qe2 b5 22.Nd1 c5
23.Bxe6 fxe6 24.Nxb5 Rg8 25.Ra3 Rg4 26.Rh3 Rag8 27.g3 Rf4 28.Kh1 Rf3 29.Ndc3 Qd7
30.Rh2 d5 31.exd5 exd5 32.Qd1 Qf5 33.Nd6 Qg4 34.Nxd5 Rd8 35.Rxe5 Rxd6 36.Re8+ Kg7
37.Qe2 Rd7 38.Kg2 Rxg3+ 39.fxg3 Qxe2+ 40.Rxe2  1-0

[Event "11th Open St-Quentin en Yvelines"]
[Site "Elancourt FRA"]
[Date "2009.04.25"]
[Round "9"]
[White "Oger,C"]
[Black "Laurent,D"]
[Result "0-1"]
[WhiteElo "1996"]
[BlackElo "2012"]

1.e4 d6 2.d4 Nf6 3.Nc3 Nbd7 4.Nf3 e5 5.Bc4 Be7 6.h3 c6 7.a4 O-O 8.Qe2 b6
9.dxe5 dxe5 10.Bg5 Qc7 11.O-O a6 12.Rfd1 Rd8 13.Rd2 Bb7 14.Rad1 b5 15.axb5 axb5
16.Bxf6 Bxf6 17.Bxb5 cxb5 18.Nxb5 Qc8 19.Nd6 Qc6 20.b4 h6 21.b5 Qc7 22.Nxb7 Qxb7
23.c4 Qc7 24.Rd5 Nb6 25.Rxd8+ Rxd8 26.Rxd8+ Bxd8 27.Qb2 Qxc4 28.Nxe5 Qxe4
29.Nc6 Bc7 30.Qb3 Qe1+  0-1

[Event "11th Dubai Open"]
[Site "Dubai UAE"]
[Date "2009.04.26"]
[Round "1"]
[White "Isgandarova,K"]
[Black "Bocharov,D"]
[Result "1-0"]
[WhiteElo "2230"]
[BlackElo "2606"]

1.e4 d6 2.d4 Nf6 3.Nc3 c6 4.f4 Qa5 5.e5 Ne4 6.Bd2 Nxd2 7.Qxd2 Bf5 8.Nf3 e6
9.Bd3 Bxd3 10.Qxd3 Nd7 11.O-O Be7 12.f5 d5 13.Ne2 Qb5 14.Qxb5 cxb5 15.Nf4 Nf8
16.Nh5 Rg8 17.f6 gxf6 18.exf6 Bd8 19.Ne5 Bb6 20.Ng7+ Kd8 21.Nxf7+ Kc7 22.c3  1-0

[Event "11th Dubai Open"]
[Site "Dubai UAE"]
[Date "2009.04.28"]
[Round "3"]
[White "Mamedjarova,T"]
[Black "Bocharov,D"]
[Result "0-1"]
[WhiteElo "2255"]
[BlackElo "2606"]

1.e4 d6 2.d4 Nf6 3.Nc3 e5 4.dxe5 dxe5 5.Qxd8+ Kxd8 6.Bg5 Be6 7.O-O-O+ Kc8
8.f4 exf4 9.e5 h6 10.Bxf4 Ng4 11.Rd2 g5 12.Bg3 Ne3 13.Bb5 c6 14.Bd3 Bb4 15.Re2 Bxc3
16.Rxe3 Bd4 17.Re1 Nd7 18.Nf3 Bb6 19.Nd2 Kc7 20.Bc4 h5 21.Rhf1 h4 22.Bf2 g4
23.Bxb6+ axb6 24.a3 h3 25.gxh3 Rxh3 26.Bxe6 fxe6 27.Rf7 Rah8 28.Ne4 R8h7
29.Rxh7 Rxh7 30.Ng5 Rxh2 31.Nxe6+ Kc8 32.Nf4 g3 33.Rg1 Nc5 34.b4 Ne4 35.e6 Rf2
36.e7 Kd7 37.Ng6 Rf6 38.Nh4 Kxe7 39.Re1 Re6 40.Nf5+ Kf6 41.Nd4 Re7 42.Rf1+  0-1

[Event "TOP 16 GpA"]
[Site "Mulhouse FRA"]
[Date "2009.05.01"]
[Round "5"]
[White "Vachier Lagrave,M"]
[Black "Magem Badals,J"]
[Result "1-0"]
[WhiteElo "2684"]
[BlackElo "2531"]

1.e4 d6 2.d4 Nf6 3.Nc3 e5 4.dxe5 dxe5 5.Qxd8+ Kxd8 6.Bc4 Ke8 7.Nf3 Bd6 8.Bg5 Nbd7
9.O-O-O a6 10.a4 h6 11.Bh4 g6 12.Nd5 Nxe4 13.Rhe1 f5 14.g4 b5 15.gxf5 gxf5
16.Ba2 bxa4 17.Nd2 Nxd2 18.Rxd2 Kf8 19.Rg1 a3 20.bxa3 Bxa3+ 21.Kd1 Bd6 22.Nf6 Nc5
23.Nh7+ Ke8 24.Rg7 Bb7 25.Rxd6 Bf3+ 26.Kc1 cxd6 27.Bf7+ Kd7 28.Bd5+ Kc8 29.Bxf3 e4
30.Be2 Rb8 31.Nf6 Rb7 32.Rg6 f4 33.Nd5 f3 34.Bc4 Kb8 35.Bg3 Ka7 36.Bxd6 Rc8
37.Ne7  1-0

[Event "TOP 16 GpA"]
[Site "Mulhouse FRA"]
[Date "2009.05.01"]
[Round "5"]
[White "Riff,JN"]
[Black "Pelletier,Y"]
[Result "1/2-1/2"]
[WhiteElo "2507"]
[BlackElo "2559"]

1.e4 d6 2.d4 Nf6 3.Nc3 e5 4.dxe5 dxe5 5.Qxd8+ Kxd8 6.Bg5 c6 7.f4 Nd7 8.Nf3 Bd6
9.O-O-O Kc7 10.Bxf6 gxf6 11.fxe5 Nxe5 12.Nd4 Bc5 13.Be2  1/2-1/2

[Event "IV Tch-ESP Selecciones Autonomicas"]
[Site "Villava ESP"]
[Date "2009.05.01"]
[Round "3"]
[White "Espinosa Aranda,A"]
[Black "Argandona Riveiro,I"]
[Result "0-1"]
[WhiteElo "2336"]
[BlackElo "2371"]

1.e4 d6 2.d4 Nf6 3.Nc3 e5 4.Nf3 Nbd7 5.Bc4 Be7 6.O-O O-O 7.Re1 a6 8.a4 b6
9.b3 c6 10.d5 c5 11.Bd3 g6 12.Bh6 Re8 13.Ne2 Nh5 14.Qd2 Ndf6 15.h3 Ra7 16.c4 a5
17.Ng3 Ng7 18.Nh2 Kh8 19.Rad1 Ng8 20.Be3 f5 21.exf5 gxf5 22.f4 Bh4 23.Bf2 e4
24.Bc2 Qf6 25.Nh1 Bxf2+ 26.Nxf2 Qh4 27.Qe3 Nh5 28.g4 Rg7 29.Rd2 Ngf6 30.Bd1 Reg8
31.Kf1 fxg4 32.Nhxg4 Ng3+ 33.Kg2 Nf5  0-1

[Event "IV Tch-ESP Selecciones Autonomicas"]
[Site "Villava ESP"]
[Date "2009.05.01"]
[Round "3"]
[White "Salgado Lopez,I"]
[Black "Llorente Zaro,A"]
[Result "1/2-1/2"]
[WhiteElo "2559"]
[BlackElo "2434"]

1.e4 d6 2.d4 Nf6 3.Nc3 Nbd7 4.g4 h6 5.h3 e5 6.Nge2 c6 7.Bg2 b5 8.a3 Bb7 9.O-O a5
10.Ng3 g6 11.Be3 Bg7 12.Qd2 h5 13.g5 Nh7 14.h4 f6 15.f4 fxg5 16.hxg5 exd4
17.Bxd4 Bxd4+ 18.Qxd4 Qb6 19.Rad1 Ke7 20.Bh3 Qxd4+ 21.Rxd4 Nb6 22.Rfd1 Rad8
23.b3 Rhf8 24.Nge2 c5 25.R4d3 b4 26.axb4 axb4 27.Nd5+ Nxd5 28.exd5 Rde8 29.Re3+ Kd8
30.Re6 Rxe6 31.dxe6 Ke7 32.Rf1 Bd5 33.c3 Bxe6 34.Bxe6 Kxe6 35.cxb4 Rb8  1/2-1/2

[Event "Heroes Day Cup Masters"]
[Site "Bridgetown BAR"]
[Date "2009.05.02"]
[Round "8"]
[White "Uribe,M"]
[Black "Moran Nuque,A"]
[Result "1/2-1/2"]
[WhiteElo "2416"]
[BlackElo "2393"]

1.e4 d6 2.d4 Nf6 3.Nc3 c6 4.Be3 e5 5.dxe5 dxe5 6.Qxd8+ Kxd8 7.O-O-O+ Ke8
8.f3 Be6 9.g3 Nbd7 10.Bh3 Bxh3 11.Nxh3 Bc5 12.Bxc5 Nxc5 13.Nf2 a5 14.Nd3 Nxd3+
15.Rxd3 Ke7 16.Rhd1 Rhd8 17.Rxd8 Rxd8 18.Rxd8 Kxd8 19.Kd2 Ke7 20.Ke3 b5  1/2-1/2

[Event "11th Dubai Open"]
[Site "Dubai UAE"]
[Date "2009.05.02"]
[Round "7"]
[White "Adhiban,B"]
[Black "Bocharov,D"]
[Result "0-1"]
[WhiteElo "2483"]
[BlackElo "2606"]

1.e4 d6 2.d4 Nf6 3.Nc3 c6 4.f4 Qa5 5.e5 Ne4 6.Bd2 Nxd2 7.Qxd2 d5 8.Bd3 e6
9.Nf3 c5 10.f5 Nc6 11.Nb5 Qd8 12.fxe6 Bxe6 13.Ng5 a6 14.Nd6+ Bxd6 15.exd6 c4
16.Qe3 Qxd6 17.Bf5 Nxd4 18.Qxd4 Bxf5 19.O-O Be6 20.Rxf7 O-O-O 21.Rxg7 Rhg8
22.Nxe6 Qxe6 23.Qc5+ Qc6 24.Qxc6+ bxc6 25.Rxh7 Rde8 26.Rf7 Re2 27.Rf2 Re4
28.Rd1 Kd7 29.g3 Kd6 30.Kg2 a5 31.b3 Kc5 32.bxc4 Kxc4 33.Rd3 a4 34.Rf6 c5
35.Kf3 Re1 36.Ra6 Rf8+ 37.Kg4 Kb5 38.Ra7 d4 39.Rd2 Kb4 40.Rc7 Kc3 41.Rd3+ Kc4
42.Rd2 Re4+ 43.Kg5 Kc3 44.Rg2 c4 45.h4 Rg8+ 46.Kf5 Rxh4 47.g4 Rh5+ 48.Kf4 Rf8+
49.Ke4 Re8+ 50.Kf4 Rhe5 51.g5 Re2 52.Rg3+ R2e3 53.Rg2 R8e4+ 54.Kf5 Re2 55.Rg1 Re8
56.g6 Rxc2 57.Rg3+ d3 58.g7 Kb2 59.Kg6 d2 60.Rd7 c3 61.Kf7 Ra8 62.Rgd3 Rc1
63.Rxd2+ cxd2 64.Rxd2+ Rc2 65.Rd4 Rf2+  0-1

[Event "4NCL 2008-9"]
[Site "Staverton ENG"]
[Date "2009.05.02"]
[Round "9"]
[White "Lyell,M"]
[Black "Mah,K"]
[Result "0-1"]
[WhiteElo "2300"]
[BlackElo "2408"]

1.e4 d6 2.d4 Nf6 3.Nc3 c6 4.h3 Nbd7 5.Nf3 e5 6.Be2 Be7 7.O-O O-O 8.a4 Re8
9.a5 Qc7 10.Re1 Rb8 11.Be3 b5 12.axb6 axb6 13.Bc4 h6 14.d5 b5 15.Ra7 Rb7
16.dxc6 Rxa7 17.cxd7 Bxd7 18.Bxa7 Qxc4 19.Nd5 Nxd5 20.Qxd5 Qxd5 21.exd5 Bf5
22.c3 Ra8 23.Bb6 Kf8 24.b3 Rc8 25.Re3 Bc2 26.c4 bxc4 27.bxc4 Rxc4 28.Ra3 f5
29.Ra8+ Kf7 30.Bd8 Ra4 31.Rc8 Bxd8 32.Rxd8 Ra6 33.Rd7+ Kf6 34.Nd2 Bd3 35.f3 Bb5
36.Rd8 Ke7 37.Rg8 Kf7 38.Rd8 Ra1+ 39.Kf2 Rd1  0-1

[Event "4NCL 2008-9"]
[Site "Staverton ENG"]
[Date "2009.05.02"]
[Round "9"]
[White "Conquest,S"]
[Black "Collinson,A"]
[Result "1-0"]
[WhiteElo "2549"]
[BlackElo "2392"]

1.d4 d6 2.e4 Nf6 3.Nc3 e5 4.Nge2 Be7 5.g3 Nbd7 6.Bg2 a6 7.a4 b6 8.h3 h5 9.Be3 Bb7
10.O-O b5 11.axb5 axb5 12.Rxa8 Bxa8 13.dxe5 dxe5 14.Nxb5 Bxe4 15.Bxe4 Nxe4
16.Qd5 Nd6 17.Na7 Bf6 18.c4 O-O 19.Nc6 Qc8 20.Nc3 Nb8 21.Nxb8 Qxb8 22.Bc1 Rd8
23.Qc6 Qb7 24.Qxb7 Nxb7 25.Nd5 c6 26.Nxf6+ gxf6 27.Be3 Rd3 28.Ra1 Rb3 29.Ra6 c5
30.Rxf6 h4 31.gxh4 Rxb2 32.h5 Kg7 33.Rf3 Nd6 34.h6+ Kh7 35.Rf6 Nxc4 36.Rxf7+ Kg8
37.h7+ Kh8 38.Bg5 Rb6 39.Bf6+ Rxf6 40.Rxf6 Kxh7 41.Rc6  1-0

[Event "IV Tch-ESP Selecciones Autonomicas"]
[Site "Villava ESP"]
[Date "2009.05.02"]
[Round "4"]
[White "Garbisu de Goni,U"]
[Black "Argandona Riveiro,I"]
[Result "1-0"]
[WhiteElo "2469"]
[BlackElo "2371"]

1.e4 d6 2.d4 Nf6 3.Nc3 e5 4.Nf3 Nbd7 5.Bc4 Be7 6.O-O O-O 7.Re1 a6 8.a4 b6
9.d5 Kh8 10.b4 Ng8 11.a5 b5 12.Bf1 Ndf6 13.Nd2 g6 14.Ne2 Nh5 15.c4 bxc4 16.Nxc4 Bg5
17.Ra3 Bxc1 18.Qxc1 Rb8 19.Rb3 Qh4 20.Ne3 Qe7 21.Qb2 Ng7 22.Rc1 Nf6 23.f3 Nfe8
24.b5 Qg5 25.Rcc3 f5 26.exf5 gxf5 27.bxa6 Rxb3 28.Rxb3 Bxa6 29.Ng3 Bxf1 30.Nexf1 e4
31.a6 f4 32.Nxe4 Qxd5 33.a7  1-0

[Event "IV Tch-ESP Selecciones Autonomicas"]
[Site "Villava ESP"]
[Date "2009.05.02"]
[Round "5"]
[White "Llaneza Vega,M"]
[Black "Argandona Riveiro,I"]
[Result "1-0"]
[WhiteElo "2522"]
[BlackElo "2371"]

1.e4 d6 2.d4 Nf6 3.Nc3 e5 4.dxe5 dxe5 5.Qxd8+ Kxd8 6.Bg5 Be6 7.g3 Kc8 8.O-O-O Nfd7
9.f4 f6 10.f5 Bxa2 11.Nxa2 fxg5 12.Nf3 h6 13.Bc4 Bd6 14.Be6 Kd8 15.c4 Ke7
16.b4 c6 17.Rd3 Nf6 18.Rhd1 Bc7 19.b5 Re8 20.Nc3 Kf8 21.h3 Rxe6 22.fxe6 Ke7
23.Na4 Kxe6 24.Nc5+ Ke7 25.Nxb7 cxb5 26.cxb5 Nbd7 27.Rc3 Ne8 28.Nc5 Ndf6
29.Na6 Bd6 30.Nd2 Rd8 31.Rc6 Rd7 32.Kc2 Rb7 33.Rb1 Nd7 34.Nc4 Ndf6 35.Nc5 Bxc5
36.Rxc5 Nd7 37.Rc6 Nef6 38.Nd6 Rb8 39.Ra1 Ne8  1-0

[Event "TOP 16 GpB"]
[Site "Chalons en Champagne FRA"]
[Date "2009.05.03"]
[Round "7"]
[White "Bijaoui,M"]
[Black "Elbilia,J"]
[Result "1-0"]
[WhiteElo "2409"]
[BlackElo "2402"]

1.e4 d6 2.d4 Nf6 3.Nc3 e5 4.Nge2 Nbd7 5.g3 c6 6.Bg2 b5 7.a3 Be7 8.O-O O-O
9.h3 a5 10.d5 Bb7 11.dxc6 Bxc6 12.Be3 b4 13.Nd5 Nxd5 14.exd5 Bb5 15.Qd2 Qc7
16.Rfc1 Bxe2 17.Qxe2 Rfc8 18.axb4 axb4 19.Rxa8 Rxa8 20.c3 b3 21.Qb5 Rb8 22.Qc6 Qd8
23.Ra1 Rc8 24.Qa4 f5 25.Qxb3 f4 26.gxf4 exf4 27.Bxf4 Nc5 28.Qc2 Bg5 29.Bg3 Qf6
30.Ra7 Rd8 31.Qe2 Kf8 32.b4 Nd7 33.Qe6  1-0

[Event "FIDE Open"]
[Site "Ostrava CZE"]
[Date "2009.05.03"]
[Round "2"]
[White "Kravtsiv,M"]
[Black "Orzechowski,J"]
[Result "1/2-1/2"]
[WhiteElo "2511"]
[BlackElo "2268"]

1.e4 d6 2.d4 Nf6 3.Nc3 Nbd7 4.Nf3 e5 5.Bc4 Be7 6.O-O O-O 7.a4 c6 8.Re1 b6
9.Ba2 a6 10.Nh4 exd4 11.Qxd4 Ne5 12.f4 d5 13.fxe5 Ng4 14.b4 Bxb4 15.Qxb4 Qxh4
16.Ne2 a5 17.Qd2 Qxh2+ 18.Kf1 Ba6 19.c4 dxc4  1/2-1/2

[Event "ch-RUS U20 w"]
[Site "Dagomys RUS"]
[Date "2009.05.06"]
[Round "7"]
[White "Charochkina,D"]
[Black "Girya,O"]
[Result "0-1"]
[WhiteElo "2306"]
[BlackElo "2335"]

1.e4 d6 2.d4 Nf6 3.Nc3 e5 4.Nf3 Nbd7 5.g4 Nxg4 6.Rg1 Ngf6 7.Bc4 h6 8.dxe5 dxe5
9.Be3 c6 10.Qd3 b5 11.Bb3 Qa5 12.O-O-O Ba6 13.Ne2 b4 14.Bc4 Bxc4 15.Qxc4 Qb5
16.Qxb5 cxb5 17.Ng3 g6 18.h3 a5 19.Kb1 Rc8 20.Nd2 a4 21.b3 Bc5 22.Ngf1 Ke7
23.f3 Nh5 24.bxa4 bxa4 25.Nc4 Nf4 26.h4 Ne2 27.Bxc5+ Rxc5 28.Nfe3 Nxg1 29.Rxg1 Rhc8
30.Nb2 Nb6 31.Rg2 h5 32.Nd3 Rc3 33.Nd1 Rxd3 34.cxd3 Rd8 35.Nb2 a3 36.Nc4 Nxc4
37.dxc4 Rd3 38.Rg5 Ke6 39.f4 exf4 40.Kc2 Rc3+ 41.Kd2 Rxc4  0-1

[Event "Moscow Region Spring GM"]
[Site "Serpukhov RUS"]
[Date "2009.05.06"]
[Round "10"]
[White "Kupreichik,V"]
[Black "Belov,Ig1"]
[Result "1-0"]
[WhiteElo "2453"]
[BlackElo "2443"]

1.e4 d6 2.d4 Nf6 3.Nc3 e5 4.Nf3 Nbd7 5.Bc4 Be7 6.O-O O-O 7.Re1 c6 8.a4 a5
9.h3 exd4 10.Nxd4 Nc5 11.Bf4 Be6 12.Qe2 Bxc4 13.Qxc4 Nfxe4 14.Nxe4 Nxe4 15.Nxc6 bxc6
16.Qxe4 Bf6 17.Qxc6 Rc8 18.Qxd6 Rxc2 19.Rad1 Qc8 20.Rc1 h6 21.Qd3 Rxc1 22.Rxc1 Qb7
23.Qb5 Qe4 24.Bd2 Bd4 25.b3 Rd8 26.Qxa5 Rd5 27.Qb4 Kh7 28.Be3 Rg5 29.g4 Rd5
30.Rd1  1-0

[Event "Copenhagen Chess Challenge"]
[Site "Ballerup DEN"]
[Date "2009.05.08"]
[Round "4"]
[White "Eriksson,C"]
[Black "Bejtovic,J"]
[Result "1/2-1/2"]
[WhiteElo "2122"]
[BlackElo "2306"]

1.e4 d6 2.d4 Nf6 3.Nc3 Nbd7 4.f4 e5 5.fxe5 dxe5 6.dxe5 Nxe5 7.Qxd8+ Kxd8
8.Nf3 Nfd7 9.Bf4 Bd6 10.Nxe5 Bxe5 11.Bxe5 Nxe5 12.O-O-O+ Bd7 13.Nd5 c6 14.Nf4 Kc7
15.Be2 Rad8 16.Nd3 Rhe8 17.Bf3 f6 18.Nxe5 Rxe5 19.Rd3 Be6 20.a3 Bc4 21.Rxd8 Kxd8
22.Rd1+ Kc7 23.Rd4 Bf7 24.b4 b6 25.Kd2 c5 26.Rd3 Bc4 27.Rc3 Bb5 28.bxc5 bxc5
29.a4 Ba6 30.Rb3 Re6 31.Ke3 Rb6 32.Be2 Rxb3+ 33.cxb3 Bb7 34.Bc4 a5 35.Bg8 h6
36.Kf4 Kd6 37.Kf5 Bc6 38.g3 Be8 39.Bd5 Bh5 40.h4 Bf3 41.Kf4 Bd1 42.Bc4 Bc2
43.Kf5 Ke7 44.Bd5 Bd3 45.h5 Bc2 46.Kg6 Kf8 47.Kf5 Ke7 48.Kg6 Kf8 49.Kf5 Ke7  1/2-1/2

[Event "Copenhagen Chess Challenge"]
[Site "Ballerup DEN"]
[Date "2009.05.08"]
[Round "5"]
[White "Christensen,Ca"]
[Black "Schmidt,Ho DEN"]
[Result "1/2-1/2"]
[WhiteElo "1793"]
[BlackElo "1880"]

1.e4 d6 2.d4 Nf6 3.Nc3 c6 4.Bd3 e5 5.Nge2 Be7 6.O-O Nbd7 7.Kh1 h5 8.dxe5 Nxe5
9.f4 Neg4 10.h3 b5 11.Qe1 Qb6 12.Ng3 h4 13.Nf5 Bxf5 14.exf5 Nh6 15.Be3 Qc7
16.Bf2 O-O 17.Bxh4 Rfe8 18.Qf2 a6 19.Rae1 d5 20.g4 Nfxg4 21.hxg4 Nxg4 22.Qg3 Bxh4
23.Qxh4 Rxe1 24.Qxe1 Qd6 25.Qh4 Nh6 26.Rg1 Kf8 27.Qg5 Qf6 28.Qxf6 gxf6 29.Re1 Rd8
30.a4 b4 31.Na2 a5 32.c3 b3 33.Nc1 c5 34.c4 dxc4 35.Bxc4 Rd2 36.Nxb3 Rxb2
37.Nxc5 Rd2 38.Bb5 Nxf5 39.Nd7+ Kg7 40.Rg1+ Kh6 41.Nxf6 Nd4 42.Ne4 Rb2 43.Rf1 Kh5
44.Rf2 Rb3 45.Be8 Kg6 46.Ng5 Rb4 47.Nxf7 Kf5 48.Nh6+ Kf6 49.f5 Rb8 50.Ng4+ Kg5
51.f6 Rxe8 52.f7 Rh8+ 53.Nh2 Ne6 54.Rg2+ Kf6 55.Rg8 Rh4 56.f8=Q+ Nxf8 57.Rxf8+ Ke7
58.Ra8 Rxa4 59.Nf3 Ra2 60.Ra6 Kd7 61.Nd4 Kc7 62.Nb3 Kb7 63.Nc5+ Kc7 64.Rh6 Rc2
65.Rh5 Kb6 66.Na4+ Ka6 67.Kg1 Rc4 68.Nc5+ Kb6 69.Nb3 a4 70.Nd2 Rc5 71.Rh4 Kb5
72.Kf2 a3 73.Ke2 Rc3 74.Rh1 a2 75.Ra1 Ra3 76.Kd1 Kb4 77.Kc2 Rc3+ 78.Kb2 Rd3
79.Rd1 Ra3 80.Ka1 Kc3 81.Ne4+ Kc2 82.Rd2+ Kc1 83.Rb2 Re3 84.Nc5 Ra3 85.Nb3+ Kd1
86.Nd4 Kc1 87.Nc2 Rc3 88.Nb4 Ra3 89.Nxa2+ Kd1 90.Kb1 Ra8 91.Nc3+ Ke1 92.Kc2 Kf2
93.Kd3+ Kf3 94.Kd4 Rd8+ 95.Nd5 Ra8 96.Rb3+ Kg4 97.Re3 Ra4+ 98.Ke5 Ra5 99.Rd3 Rb5
100.Ke4 Ra5 101.Ne3+ Kg5 102.Rd6 Ra4+ 103.Ke5 Ra5+ 104.Nd5 Kg4 105.Rg6+ Kf3
106.Rf6+ Kg4 107.Rf4+  1/2-1/2

[Event "Copenhagen Chess Challenge"]
[Site "Ballerup DEN"]
[Date "2009.05.09"]
[Round "7"]
[White "Boulan,L"]
[Black "Getz,N"]
[Result "0-1"]
[WhiteElo "1955"]
[BlackElo "2205"]

1.e4 d6 2.d4 Nf6 3.Nc3 e5 4.Nf3 Nbd7 5.Be2 Be7 6.O-O O-O 7.Re1 c6 8.Bf1 Qc7
9.a4 Re8 10.a5 Rb8 11.Qd3 Bf8 12.Bg5 h6 13.Bh4 Nh5 14.Ne2 d5 15.Nc3 exd4
16.Qxd4 Bc5 17.Qd2 Ndf6 18.exd5 Bg4 19.Be2 cxd5 20.h3 Be6 21.Nd4 Bb4 22.Nb3 Ne4
23.Qd4 Bxc3 24.bxc3 Nf4 25.Bf3 Bf5 26.Re3 g5 27.Bxe4 Rxe4 28.Qf6 Bg6 29.Rxe4 dxe4
30.Bg3 Ne2+ 31.Kh2 Nxg3 32.fxg3 Rc8 33.Qd4 Qxc3 34.Qxa7 e3 35.Qxb7 Bxc2 36.Rc1 Re8
37.Na1 Qa3 38.Rxc2 Qxa1 39.Qb5 Rd8 40.Re2 Rd1 41.Qb8+ Kh7 42.g4 Rh1+ 43.Kg3 Qg1
44.Qb4 Qh2+ 45.Kf3 Rf1+ 46.Kxe3 Qg1+ 47.Kd3 Rd1+ 48.Kc3 Rc1+ 49.Kd3 Qd1+
50.Ke3 Qg1+ 51.Kd3 Rd1+ 52.Kc3 Kg7 53.a6 Rd5 54.Rc2 Qa1+ 55.Kb3 Qxa6 56.Qc3+ Kh7
57.Kb2 Qb6+ 58.Kc1 Qg1+ 59.Kb2 Rb5+ 60.Ka2 Qa7+ 61.Qa3 Ra5  0-1

[Event "Copenhagen Chess Challenge"]
[Site "Ballerup DEN"]
[Date "2009.05.10"]
[Round "8"]
[White "Smith,Ax"]
[Black "Janev,E"]
[Result "1/2-1/2"]
[WhiteElo "2383"]
[BlackElo "2458"]

1.d4 d6 2.e4 Nf6 3.Nc3 e5 4.dxe5 dxe5 5.Qxd8+ Kxd8 6.Bg5 c6 7.Bc4 Ke8 8.Nf3 Nbd7
9.a3 Be7 10.Rd1 h6 11.Bh4 Nh5 12.Bxe7 Kxe7 13.g3 Re8 14.Be2 Nhf6 15.Nd2 Nc5
16.f3 Rd8 17.Nc4 Rxd1+ 18.Nxd1 Nfd7 19.Nde3 Ne6 20.Nf5+ Kf8 21.Kf2 h5 22.Rd1 g6
23.Nfd6 Ke7 24.b4 f6 25.c3 b6 26.Ke3 Nc7 27.Nxc8+ Rxc8 28.a4 Ne8 29.Ra1 Rc7
30.f4 b5 31.Nd2 Nd6 32.Nb3 c5 33.bxc5 Nxc5 34.Nxc5 Rxc5 35.axb5 Rxc3+ 36.Bd3 Rc7
37.Ra6 g5 38.Ra1 Nf7 39.fxg5 fxg5 40.h3 Nd6 41.Be2 h4 42.gxh4 gxh4 43.Bd3 Ke6
44.Rg1 Kf6 45.Rf1+ Ke6 46.Rg1 Kf6 47.Rf1+ Ke6  1/2-1/2

[Event "Rapid"]
[Site "Livry-Gargan FRA"]
[Date "2009.05.10"]
[Round "6"]
[White "Payen,Ar"]
[Black "Kazhgaleyev,M"]
[Result "0-1"]
[WhiteElo "2356"]
[BlackElo "2626"]

1.d4 d6 2.e4 Nf6 3.Nc3 Nbd7 4.g3 e5 5.Nge2 Be7 6.Bg2 c6 7.a4 b6 8.O-O a6
9.h3 h5 10.Be3 Bb7 11.f4 O-O 12.Qd2 b5 13.Nd1 Re8 14.c3 Nb6 15.b3 bxa4 16.dxe5 dxe5
17.Qxd8 Bxd8 18.bxa4 Nc4 19.Rb1 Bc8 20.f5 a5 21.Bf3 Ba6 22.Kf2 Be7 23.Bg5 Rab8
24.Rxb8 Rxb8 25.Bxf6 gxf6 26.Bxh5 Bc5+ 27.Kg2 Rb1 28.Kh1 Nd2 29.Re1 Bf2  0-1

[Event "ch-USA"]
[Site "Saint Louis USA"]
[Date "2009.05.10"]
[Round "3"]
[White "Shankland,S"]
[Black "Khachiyan,M"]
[Result "1/2-1/2"]
[WhiteElo "2446"]
[BlackElo "2546"]

1.e4 d6 2.d4 Nf6 3.Nc3 e5 4.Nf3 Nbd7 5.Bc4 Be7 6.O-O O-O 7.Re1 c6 8.a4 a5
9.b3 exd4 10.Nxd4 Nc5 11.Bb2 Bg4 12.Qd2 Be6 13.Bf1 Qb6 14.Rad1 Rad8 15.Qe3 Rfe8
16.Qg3 Bf8 17.Nxe6 Rxe6 18.e5 dxe5 19.Rxd8 Qxd8 20.Bc4 Nd5 21.Rd1 Rd6 22.Qxe5 Nxc3
23.Rxd6 Qxd6 24.Qxd6 Bxd6 25.Bxc3 Bc7 26.Bd4 Bd6 27.Kf1 Kf8 28.Ke2 f6 29.h4 Ke7
30.Kf3 Nd7 31.Ke4  1/2-1/2